| 000 | 00701cam a2200217 4500 | ||
|---|---|---|---|
| 001 | 12220 | ||
| 005 | 20230411085754.0 | ||
| 008 | 060907s1965 nyu eng | ||
| 035 | _9funglode12316 | ||
| 041 | _aeng | ||
| 050 | 1 | 4 |
_aR B 1649 _bB551 1965 |
| 100 | 1 |
_aRussell, Bertrand, _d1872-1970. |
|
| 245 | 0 | 0 |
_aBertrand Russell's dictionary of mind, matter, and moral / _cedited, with an introd. by Lester E. Denonn. |
| 260 |
_aNew York : _bCitadel Press, _c1965 |
||
| 300 |
_a290 p. _c24 cm. |
||
| 650 | 0 |
_aPhilosophy _vDictionaries. |
|
| 650 | 4 |
_aFilosofĂa _vDiccionarios. |
|
| 700 | 1 |
_aDenonn, Lester Eugene, _d1901- |
|
| 740 | 0 | _aDictionary of mind, matter, and morals. | |
| 942 |
_2lcc _cbk |
||
| 999 |
_c107162 _d107162 |
||